00739nam a2200205 450000500170000000800410001701000140005802000230007203500130009503700150010804000180012308200150014110000220015624501750017825000170035326000440037027000400041430000300045465000490048419970905091730.0700514s1968 enka 000 0 eng  aENG-92382 c300.00a8180641082 aEN-75915 bDBAD / PUB adplbEnglish  a301.095452 aGupta, Bela Dutt  aSociology in India:cby Bela Dutt Gupta ban enquiry into sociological thinking and empirical social research in the nineteenth century with special reference to Bengal / a2nd enl ed.  aKolkata bProgressive Publishers c2008 a37A, College Street, bKolkata e73 axxii, 472p. c22cm (pbk)  aSociologyy19th centuryzIndiazWest Bengal.